000
00330nam a2200133Ia 4500
005
20251222143156.0
008
251222s9999||||xx |||||||||||||| ||spa||
020
_a
84-8164-702-0
082
_a
290/T18
100
_a
Tamayo, Juan José
245
0
_a
Fundamentalismos y Diálogo entre Religiones
264
_b
Trotta
942
_c
LIB
999
_c
12864
_d
12864